Walt Disney's Pinocchio / (Record no. 7605)

MARC details
000 -LEADER
fixed length control field 01486nam a22002897a 4500
001 - CONTROL NUMBER
control field 7605
003 - CONTROL NUMBER IDENTIFIER
control field FISKH
005 - DATE AND TIME OF LATEST TRANSACTION
control field 20250728081722.0
008 - FIXED-LENGTH DATA ELEMENTS--GENERAL INFORMATION
fixed length control field 250728b cb ||||| |||| 00| 0 eng d
020 ## - INTERNATIONAL STANDARD BOOK NUMBER
International Standard Book Number 033500711008
040 ## - CATALOGING SOURCE
Original cataloging agency FISKH
Language of cataloging eng
Transcribing agency FISKH
Modifying agency FISKH
050 ## - LIBRARY OF CONGRESS CALL NUMBER
Classification number PZ8.D632 W
082 ## - DEWEY DECIMAL CLASSIFICATION NUMBER
Classification number 813.54
100 ## - MAIN ENTRY--PERSONAL NAME
Personal name Coco, Eugene Bradley
245 ## - TITLE STATEMENT
Title Walt Disney's Pinocchio /
Statement of responsibility, etc. Adapted by Eugene Bradley Coco ; Illustrated by Ron Dias
260 ## - PUBLICATION, DISTRIBUTION, ETC.
Place of publication, distribution, etc. New York :
Name of publisher, distributor, etc. Western Publishing Company,
Date of publication, distribution, etc. 1996.
300 ## - PHYSICAL DESCRIPTION
Extent 24 unnumbered pages :
Other physical details color illustrations ;
Dimensions 21 cm
490 ## - SERIES STATEMENT
Series statement A Golden Books
505 ## - FORMATTED CONTENTS NOTE
Formatted contents note J<br/>
520 ## - SUMMARY, ETC.
Summary, etc. Woodcarver Geppetto has pets Figaro the cat and Cleo the fish. He has just made a little wooden puppet called Pinocchio. Wishing upon a star before he goes to bed, Geppetto wishes that Pinocchio would become a real boy. As Geppetto sleeps, the Blue Fairy arrives and partially grants his wish. Pinocchio can come to life, but he must prove himself worthy before becoming a real boy. He will require some guidance, and Jiminy Cricket agrees to act as his conscience. After some unfortunate incidents, Pinocchio finds himself in trouble. The Blue Fairy appears. Pinocchio lies to her and his nose grows. He is forgiven, but warned not to lie again.
521 8# - TARGET AUDIENCE NOTE
Target audience note 500<br/>
Source Lexile estimate<br/>
521 8# - TARGET AUDIENCE NOTE
Target audience note J<br/>
Source Raz-Plus<br/>
650 ## - SUBJECT ADDED ENTRY--TOPICAL TERM
Topical term or geographic name entry element Animated
Form subdivision Disney
General subdivision children's
700 ## - ADDED ENTRY--PERSONAL NAME
Personal name Dias, Ron
Relator term illustrator
942 ## - ADDED ENTRY ELEMENTS (KOHA)
Source of classification or shelving scheme Dewey Decimal Classification
Koha item type Books
Suppress in OPAC No
Holdings
Withdrawn status Lost status Source of classification or shelving scheme Damaged status Not for loan Collection Home library Current library Shelving location Date acquired Total Checkouts Full call number Barcode Date last seen Copy number Price effective from Koha item type
    Dewey Decimal Classification     Juvenile Fiction Footprints International School Library Network Toul Kork Campus Footprints International School Library Network Toul Kork Campus TK Primary Library Room(4th Floor), Bookcase 1&2, Shelves 1-16, Dark Blue Books 07/28/2025   COC 813.54 PZ8.D632 W FISBK00137 09/04/2025 1 07/28/2025 Books